000 00364nam a2200145Ia 4500
008 100122s9999 xx 000 0 und d
082 _b61775
_a150
100 _aWEISS BRIAN
245 _aTHROUGH TIME INTO HEALING
260 _bFIRE SIDE
_c1992
300 _a202
630 _aTHROUGH TIME INTO HEALING
730 _aTHROUGH TIME INTO HEALING
942 _cBOOK
999 _c378448
_d378445